| 000 | 00852nam a2200217 a 4500 | ||
|---|---|---|---|
| 001 | 000908747 | ||
| 003 | AM-YEHGA | ||
| 005 | 20250617163847.0 | ||
| 008 | 120801s1962 ru r 000 0 rus d | ||
| 040 | _aAM-YeHGA | ||
| 041 | 0 | _arus | |
| 100 | 1 | _aГладкий, Николай Павлович | |
| 245 | 1 | 0 |
_aГрунтовые розы / _cН.П. Гладкий, П.Е. Егоров; Всероссий. о-во охраны природы, Ленингр. отд. |
| 260 |
_aЛ. : _bБ. и., _c1962. |
||
| 300 |
_a40 с. : _bрис. ; _c20 см. |
||
| 650 | 1 | 4 | _aДекоративное садоводство |
| 650 | 1 | 4 | _aРозы |
| 700 | 1 | _aЕгоров, Петр Егорович | |
| 710 | 2 |
_aВсероссийское общество охраны природы. _bЛенинградское отделение |
|
| 090 | _c517555 | ||
| 999 |
_c514033 _d514033 |
||